Albums Michael Jackson - Statistiques

Statistiques générales
  • Ce quiz a été pris 403 fois
  • Le résultat moyen est 9 sur 13
Statistiques - réponses
Album Année de sortie % Correct
Thriller 1982
99%
Bad 1987
97%
Dangerous 1991
93%
Off the Wall 1979
90%
HIStory 1995
82%
Invincible 2001
79%
Xscape 2014
73%
Ben 1972
72%
Blood on the Dance Floor 1997
61%
Michael 2010
58%
Music & Me 1973
38%
Forever, Michael 1975
34%
Got To Be There 1972
33%
Aucun quiz correspondant
Distribution des résultats
% des personnes avec chaque résultat
Percentile par nombre de réponses
Votre historique - résultats
Vous n’avez pas pris ce quiz